| 000 | 03498nam a22002537i 4500 | ||
|---|---|---|---|
| 003 | DO-SdBNP | ||
| 005 | 20240416141107.0 | ||
| 007 | ta | ||
| 008 | 240416b1999 dr ||||| |||| 00| 0 spa d | ||
| 040 |
_aDO-SdBNP _bspa _cBNPHU _erda |
||
| 082 | 4 | _222 | |
| 100 |
_aCampillo Pérez, Julio Genaro, _d1922-2001 _938918 |
||
| 245 | 1 | 0 |
_aAndrés López de Medrano y su legado humanista / _cJulio Genaro Campillo Pérez ; diseño de portada Guillermina Cruz. |
| 264 |
_aSanto Domingo : _bEditora Corripio, _c1999. |
||
| 300 |
_a376 páginas ; _c23 cm. |
||
| 336 |
_2rdacontent _atexto _btxt |
||
| 337 |
_2rdamedia _asin mediación _bn |
||
| 338 |
_2rdacarrier _avolumen _bnc |
||
| 500 | _aIncluye datos biográficos del autor en la contracubierta. | ||
| 505 | 0 | _aHomenaje a Andrés López De Medrano, 1.-- Cronología, 17.-- Sección Primera - Producción Intelectual / Tesis del Dr. Andrés López de Medrano para graduarse de bachiller en filosofía, 27.-- Comentarios del Dr. Carracciolo Parra León, Caracas 1954, 31.-- Lógica de Andrés López de Medrano, Santo Domingo, 1814, 73.-- El pensamiento filosófico en Santo Domingo. La lógica de Andrés López de Medrano. Juan Francisco Sánchez, 111.-- Testimonio de sus actuaciones como Alcalde de Segunda Elección de Santo Domingo, 1819, Andrés López de Medrano, 135.-- Manifiesto de Andrés López de Medrano sobre las elecciones parroquiales de Santo Domingo, 1820, 147.-- Disertación en la Universidad de Santo Domingo, con motivo de la apertura de clases, 1822, 165.-- Disertación sobre la enfermedad "La llaguita" Mayagüez, Puerto Rico, 1826, 175.-- Al Clero de Aguadilla. Puerto Rico, 1830, 227.-- Apodicticos de regocijo, Aguadilla, 1831, 233.-- Proloquios o congratulaciones a los puertorriqueños, Aguadilla, 1831, 239.-- Los López Medrano y el semanario "El Ponceño", Ponce,1852-1854, 243.-- Sección Segunda - Biografías / Genealogía de Andrés López de Medrano 1780-1856, 261.-- Documentos anexos, 267.-- Andrés López de Medrano, Emilio Rodríguez Demorizi, 285.-- Andrés López de Medrano, Armando Cordero, 289.-- Andrés López de Medrano, Manuel A. Machado Báez, 295.-- Andrés López de Medrano (1870-1835?), Néstor Contín Aybar, 301.-- Andrés López de Medrano, Tarjetero histórico. Guillermo Esteves y Volckers, 307.-- Andrés López de Medrano. Max Henríquez Ureña, 309.-- Andrés López de Medrano. Salvador Arana Soto, 311.-- Andrés López de Medrano. Cayetano CoIl y Toste, 313.-- Andrés López de Medrano. Lidio Cruz Monclova, 315.-- Andrés López de Medrano. Josefina Rivera de Álvarez, 319.-- Andrés López de Medrano. Adolfo de Hostos, 321.-- Noticias sobre el prócer dominicano Dr. Andrés López de Medrano y sus descendientes en Puerto Rico. Dr. Eduardo QuesteIl Rodríguez, 323.-- Sección Tercera - Documentos Varios / Documentos para la historia de la filosofía en Santo Domingo. Edición y notas de Dr. Vetilio Alfau Durán, 331.-- López de Medrano y la Feria de Aguada, 1832, 345.-- Horacio en Puerto Rico. Dres. Juan Augusto Perrea y Salvador Perrea, 351.-- Actividades masónicas en Puerto Rico, Siglo XIX, Universidad de Murcia, 355.-- López de Medrano y el Periódico "El Ponceño", 363.-- La filosofía en R. D. -Wilson Hernández, 365.-- Andrés López de Medrano, sobre aliente intelectual del siglo pasado. Domingo Hernández. | |
| 590 | _aInventariado, 2024 /LP | ||
| 600 | 1 |
_aLópez de Medrano, Andrés, _d1780-1856, _xColecciones de escritos _985257 |
|
| 942 |
_2ddc _cLBS1 |
||
| 999 |
_c56427 _d56427 |
||